000
00216 a2200097 4500
001
1268
100
_a
Tselikov,A
245
_a
Stress and strain in Metal rolling
260
_a
_b
Mir Publishers
_c
090
_c
827
_d
827
942
_a
NUST-CAE
_c
M
_c
35011
999
_c
236341
_d
236341